| 000 | 00540cam a2200145 4500500 | ||
|---|---|---|---|
| 005 | 20251228090936.0 | ||
| 041 | _afre | ||
| 042 | _adc | ||
| 100 | 1 | 0 |
_aFaguer, Nicolas _eauthor |
| 245 | 0 | 0 | _aPéguy, poète des larmes. « C’est encore le père qui pleurait le plus. » |
| 260 | _c2021. | ||
| 500 | _a55 | ||
| 786 | 0 | _nBulletin de l’Amitié Charles Péguy | 173 | 1 | 2021-05-02 | p. 413-426 | 0180-8567 | |
| 856 | 4 | 1 | _uhttps://shs.cairn.info/revue-bulletin-de-lamitie-charles-peguy-2021-1-page-413?lang=fr&redirect-ssocas=7080 |
| 999 |
_c1602916 _d1602916 |
||